| 000 | 00376nam a2200157Ia 4500 | ||
|---|---|---|---|
| 005 | 20251020182600.0 | ||
| 008 | 200515s9999 xx 000 0 und d | ||
| 082 | _aSC/331/C48-P | ||
| 110 | _aOrganización Internacional del Trabajo | ||
| 245 | 0 | _aPlan de Acción del CIAT, 1981 - 1982 | |
| 260 | _aLima | ||
| 260 | _c1981 | ||
| 300 | _a79 | ||
| 650 | _aCIAT | ||
| 942 | _cLIB | ||
| 999 |
_c3033 _d3033 |
||